Statistics for American Colonies Quiz

Click here to take the quiz!

General Stats

  • This quiz has been taken 41 times
  • The average score is 6 of 10

Answer Stats

QuestionAnswer% Correct
How many colonies were there?13
91%
Which out of these four names was NOT an American colony: Pennsylvania, Boston, New York, or South Carolina?Boston
82%
What was a colonist that supported King George and England during the course of the Revolutionary War called?Loyalist
77%
When did the Revolutionary War end?1783
68%
What written work by Thomas Paine led the way for the Declaration of Independence in 1776?Common Sense
68%
How many years did the American Revolutionary War last?7 years
50%
When was the American Constitution ratified?1788
41%
Who did NOT help write the Declaration of Independence?Alexander Hamilton
41%
How many people lived in the American colonies in total in 1776?2.5 Million
18%
What was the population of New York City in 1760?18,000
14%

Score Distribution

Percentile by Number Answered

Percent of People with Each Score

Your Score History

You have not taken this quiz